As Simple as 1-2-3-4 Blitz Quiz Stats

 Plays Quiz Updated Apr 3, 2017

Support Sporcle.
Go Orange.
Score 0/24 Timer 01:00
0 Plays Today
Permutation % Correct
1234
98.6%
1324
74.7%
2341
74%
2134
73.1%
1243
70.9%
1432
70.8%
1423
69.1%
4321
68%
1342
67.2%
3214
65.1%
2314
64.1%
3412
62.7%
Permutation % Correct
3124
62.5%
2143
62.1%
4123
61.7%
2413
56%
2431
55.7%
3421
54.7%
3241
52.3%
4231
51.9%
3142
49.4%
4213
48.4%
4132
46.7%
4312
46.3%

You're not logged in!

Compare scores with friends on all Sporcle quizzes.
OR
Log In

From the Vault

Muhammad Ali or Captain Kirk

by Flick

A boxer and a starship captain. This should be easy, right?
Remove Ads.
Support Sporcle.
Get the best of Sporcle when you Go Orange. This ad-free experience offers more features, more stats, and more fun while also helping to support Sporcle. Thank you for becoming a member.

Show Comments

Extras

Top Quizzes Today


Score Distribution

Your Account Isn't Verified!

In order to create a playlist on Sporcle, you need to verify the email address you used during registration. Go to your Sporcle Settings to finish the process.

Report this User

Report this user for behavior that violates our Community Guidelines.

Details: